Environmentálne posúdenie vplyvu zelených striech na urbanizované územie

Gespeichert in:
Bibliographische Detailangaben
1. Verfasser: Raková, Klaudia (Verfasst von)
Weitere Verfasser: Galbová, Kristína (Betreuung Doktorarbeit)
Format: Manuskript Buch
Sprache:Slowakisch
Veröffentlicht: 2018
Schlagworte:
Online-Zugang:http://is.stuba.sk/zp/portal_zp.pl?podrobnosti=140215
https://opac.crzp.sk/?fn=detailBiblioForm&sid=CB745B58B0F7E53C045AC76F3E25
Tags: Tag hinzufügen
Keine Tags, Fügen Sie das erste Tag hinzu!

MARC

LEADER 00000ntm a22000003a 4500
001 stuzp68274
003 SK-STU
005 20230522133259.2
007 ta
008 150427s2015----xo-----f-mn---000-0-slo-d
040 |a STU  |b slo 
041 0 |a slo 
100 1 |a Raková, Klaudia  |u 010280  |4 aut  |U SvF Stavebná fakulta  |T SvF Katedra zdravotného inžinierstva  |X 82366  |U V280  |Y 29  |7 82366 
242 0 1 |a Environmental impact assessment of green roofs on urban areas  |y eng 
245 1 0 |a Environmentálne posúdenie vplyvu zelených striech na urbanizované územie 
260 |c 2018 
650 4 |a zelená strecha  |2 slo 
650 4 |a urbanizmus  |2 slo 
650 4 |a vegetácia  |2 slo 
650 4 |a green roof  |2 eng 
650 4 |a urbanism  |2 eng 
650 4 |a vegetation  |2 eng 
700 1 |a Galbová, Kristína  |u 010280  |k Z1  |4 ths  |U SvF Stavebná fakulta  |T SvF Katedra zdravotného inžinierstva  |X 20771  |U V280  |Y 29  |7 A000020771 
856 4 |u http://is.stuba.sk/zp/portal_zp.pl?podrobnosti=140215 
856 4 |u https://opac.crzp.sk/?fn=detailBiblioForm&sid=CB745B58B0F7E53C045AC76F3E25